American sports From the age of folk games to the age of televised sports

American Sports offers a reflective, analytical history of American sports from the colonial era to the present. Readers will focus on the diverse relationships between sports and class, gender, race, ethnicity, religion and region, and understand how these interactions can bind diverse groups toget...

Descrición completa

Gardado en:
Detalles Bibliográficos
Autor Principal: Rader, Benjamin G.
Formato: Libro
Idioma:Undetermined
Publicado: Englewood Cliffs, N.J. Prentice Hall 1996
Những chủ đề:
Các nhãn: Engadir etiqueta
Sen Etiquetas, Sexa o primeiro en etiquetar este rexistro!
Thư viện lưu trữ: Trung tâm Học liệu Trường Đại học Cần Thơ
LEADER 01241nam a2200229Ia 4500
001 CTU_220204
008 210402s9999 xx 000 0 und d
082 |a 796.0973 
082 |b R127 
100 |a Rader, Benjamin G. 
245 0 |a American sports 
245 0 |b From the age of folk games to the age of televised sports 
245 0 |c Benjamin G. Rader 
260 |a Englewood Cliffs, N.J. 
260 |b Prentice Hall 
260 |c 1996 
520 |a American Sports offers a reflective, analytical history of American sports from the colonial era to the present. Readers will focus on the diverse relationships between sports and class, gender, race, ethnicity, religion and region, and understand how these interactions can bind diverse groups together. By considering the economic, social and cultural factors that have surrounded competitive sports, readers will understand how sports have reinforced or challenged the values and behaviors of society. 
650 |a Sports,Sports,Thể thao,Thể thao 
650 |x History,Social aspects,Lịch sử,Khía cạnh xã hội 
650 |z United States,United States,Hoa Kỳ,Hoa Kỳ 
904 |i Tuyến 
980 |a Trung tâm Học liệu Trường Đại học Cần Thơ